00614 2200241 4500001002100000005001700021008004100038035002400079082000800103090001500111100002300126245005100149250001000200260003300210300002700243650002000270850001200290980001500302985000600317999001500323990001700338990001700355YOGYA-0209000006217320090227040024.0 ind  0010-020900000062173 a443 a443bMah B aMAHLUDDIN T, Denny aBahasa Perancis sehari-haricDenny Mahluddin T aCet.5 aJakartabKesaint Blanec1992 av,149 hlmbilusc18 cm aBahasa Perancis aYOPDYOG a29-03-2008 a1 a93P0036782 a3908-PN/B.01 a3908-PN/B.01